[Event "RUS-chT B1 corr"]
[Site "Russia"]
[Date "1996.??.??"]
[Round "?"]
[White "Smykovski, Ivan Mikhailovich"]
[Black "Aryutkin, Yury Ivanovich"]
[Result "1/2-1/2"]
[WhiteElo "2385"]
[BlackElo "2334"]
[PlyCount "60"]
[EventDate "1996.??.??"]
[EventType "team-tourn (corr)"]
[EventRounds "18"]
[EventCountry "RUS"]
[SourceTitle "Corr 2011"]
[Source "ChessBase"]
[SourceDate "2010.08.31"]
[SourceVersion "1"]
[SourceVersionDate "2010.08.31"]
[SourceQuality "1"]

1. e4 c5 2. Nf3 Nc6 3. d4 cxd4 4. Nxd4 Nf6 5. Nc3 e6 6. Ndb5 d6 7. Bf4 e5 8. Bg5 a6 9. Na3 b5 10. Nd5 Be7 11. Nxe7 Nxe7 12. f3 d5 13. exd5 Nexd5 14. c4 bxc4 15. Nxc4 0-0 16. Be2 Re8 17. 0-0 Bb7 18. Qb3 Rb8 19. Rfd1 h6 20. Bh4 Qe7 21. Qa3 Qxa3 22. Nxa3 e4 23. Rd4 Bc6 24. Nc4 Bb5 25. Rc1 Nf4 26. Bf1 Bxc4 27. Rdxc4 Rxb2 28. Bxf6 gxf6 29. Rxe4 Rxe4 30. fxe4 Rxa2 1/2-1/2

[Event "RUS-chT B1 corr"]
[Site "Russia"]
[Date "1996.??.??"]
[Round "?"]
[White "Smykovski, Ivan Mikhailovich"]
[Black "Ignatyev, Viktor Aleksandrovi"]
[Result "1/2-1/2"]
[WhiteElo "2385"]
[BlackElo "2275"]
[PlyCount "42"]
[EventDate "1996.??.??"]
[EventType "team-tourn (corr)"]
[EventRounds "18"]
[EventCountry "RUS"]
[SourceTitle "Corr 2011"]
[Source "ChessBase"]
[SourceDate "2010.08.31"]
[SourceVersion "1"]
[SourceVersionDate "2010.08.31"]
[SourceQuality "1"]

1. e4 e5 2. Nf3 Nc6 3. Bb5 a6 4. Ba4 d6 5. 0-0 Bd7 6. d4 b5 7. Bb3 exd4 8. c3 d3 9. Qxd3 Nf6 10. Bg5 Be7 11. a4 Rb8 12. axb5 axb5 13. Nbd2 0-0 14. Rfe1 Ng4 15. Bxe7 Qxe7 16. h3 Nge5 17. Nxe5 Nxe5 18. Qg3 Nc4 19. Bxc4 bxc4 20. Nxc4 Be6 21. Qd3 Bxc4 1/2-1/2

[Event "RUS-chT B1 corr"]
[Site "Russia"]
[Date "1996.??.??"]
[Round "?"]
[White "Smykovski, Ivan Mikhailovich"]
[Black "Smekalin, Evgeny Petrovich"]
[Result "1-0"]
[WhiteElo "2385"]
[BlackElo "2390"]
[PlyCount "93"]
[EventDate "1996.??.??"]
[EventType "team-tourn (corr)"]
[EventRounds "18"]
[EventCountry "RUS"]
[SourceTitle "Corr 2011"]
[Source "ChessBase"]
[SourceDate "2010.08.31"]
[SourceVersion "1"]
[SourceVersionDate "2010.08.31"]
[SourceQuality "1"]

1. e4 c5 2. Nf3 Nc6 3. d4 cxd4 4. Nxd4 Nf6 5. Nc3 d6 6. Bg5 e6 7. Qd2 a6 8. 0-0-0 h6 9. Bf4 Bd7 10. Nxc6 Bxc6 11. Qe1 Qc7 12. f3 Be7 13. e5 d5 14. Bg3 Nd7 15. f4 0-0-0 16. Ne2 Nc5 17. Nd4 Bd7 18. Bd3 f5 19. Kb1 Kb8 20. Bf2 g5 21. g3 Rc8 22. Qe3 b5 23. Nb3 Nxb3 24. axb3 Rhg8 25. Rhg1 Be8 26. Rc1 Qb7 27. Qe2 Bd8 28. g4 fxg4 29. Qxg4 Bd7 30. f5 exf5 31. Bxf5 h5 32. Qh3 g4 33. Qd3 Bxf5 34. Qxf5 Bg5 35. Rcf1 Qc6 36. Bd4 Rc7 37. Rg2 Qg6 38. e6 Qxf5 39. Rxf5 Kb7 40. Rxd5 Kc6 41. Rf5 Rh7 42. Re2 h4 43. Rxg5 Rxg5 44. e7 Rxe7 45. Rxe7 g3 46. hxg3 h3 47. Rh7 1-0